000 00738cam a2200265 a 4500
001 85930
003 ARRUPE
005 20131106135050.0
008 820706c19731961nyu 000 1 eng d
010 _a 61017265
035 _a(OCoLC)1905721
035 _a(OCoLC)ocm01905721
035 _a(CStRLIN)NYCG82-B28662
035 _a(NNC)85930
040 _aNNC
_cNNC
041 1 _aeng
_hita
090 _aPQ4829.O62
_bN613 1973
100 1 _aMoravia, Alberto,
_d1907-1990.
_93377
240 1 0 _aNoia.
_lEnglish
245 1 4 _aThe empty canvas /
_cAlberto Moravia ; translated by Angus Davidson.
260 _aNew York, N.Y. :
_bManor Books,
_c1973, c1961.
300 _a306 p. ;
_c18 cm.
942 _2lcc
_cMONOGRAPH
999 _c118546
_d118546